| 000 | 005480000a22001690004500 | ||
|---|---|---|---|
| 003 | MACL | ||
| 005 | 20160528134247.0 | ||
| 008 | 160528b xxu||||| |||| 00| 0 eng d | ||
| 040 |
_aMACL _cMACL |
||
| 041 | _aHindi | ||
| 082 | _a891.433 KIS | ||
| 100 |
_aकिशोर, गिरिराज _960561 |
||
| 245 |
_aअष्टाचक्र _cगिरिराज किशोर |
||
| 260 |
_bआत्माराम एण्ड संस _c1998 _aनई दिल्ली |
||
| 350 | _a400 | ||
| 942 |
_cHIN _k891.433/KIS/N _2ddc |
||
| 999 |
_c9180 _d9180 |
||